000 00881nam a22002177a 4500
999 _c15798
_d15798
003 MIRAKIL
005 20240327152103.0
008 240327b tu ||||| |||| 00| 0 tur d
020 _a9789751752758
040 _aTR-AnCHP
_cTR-AnCHP
041 _atur
082 _a398.5
_bK29 2022
245 1 0 _aKazak destanları XI :
_bKoblandı Batır destanı /
_canlatanlar: Marabay Jırav, Mergenbay Jırav. haz: Halil Çetin.
260 _aAnkara :
_bTürk Dil Kurumu,
_c2022.
300 _a201 s. ;
_c24 cm.
490 0 _aAtatürk Kültür, Dil ve Tarih Yüksek Kurumu Türk Dil Kurumu Yayınları ;
_v1497.
490 0 _aTürk Dünyası Destanlarının Tespiti, Türkiye Türkçesine Aktarılması ve Yayımlanması Projesi ;
_v72.
650 0 _97722
_aDestanlar
_xKazak
856 _zDijital Nüshası için Partimizin Kütüphane Sorumlusu ile iletişime geçiniz.
942 _2ddc
_cBKS